| 000 | 00704nam a22002297a 4500 | ||
|---|---|---|---|
| 003 | OSt | ||
| 005 | 20251206033114.0 | ||
| 008 | 251206b |||||||| |||| 00| 0 eng d | ||
| 020 | _a978-0-07-162477-0 | ||
| 040 |
_aDWCL-Admin lib _cOC |
||
| 082 | _aCirc. 546.76 M821a 2010 | ||
| 100 | _aMoore, John T. | ||
| 245 |
_aAP chemistry / _cJohn T. Moore |
||
| 260 |
_aNew York: _bMcGraw-Hill, _cc2010 |
||
| 300 |
_axiii,371p. : _bill.; _c28cm |
||
| 504 | _aIncludes glossary | ||
| 650 | _a1. Advanmced Placement programs(Education). | ||
| 650 | _a2. Chemistry-Examination,questions.etc. | ||
| 650 | _a3. Chemistry-Examination-Dtudy guides | ||
| 700 | _aLangley, Richard | ||
| 942 |
_2ddc _cBK-CIRC _kCirc. _n0 |
||
| 999 |
_c6998 _d6998 |
||